书目信息 |
| 题名: |
马克思与黑格尔的对话
|
|
| 作者: | 莱文 著 ;周阳 译 | |
| 分册: | ||
| 出版信息: | 北京 中国人民大学出版社 2016 |
|
| 页数: | 401页 | |
| 开本: | 23cm | |
| 丛书名: | 马克思主义研究译丛 | |
| 单 册: | ||
| 中图分类: | A81 , B516.35 | |
| 科图分类: | ||
| 主题词: | 马克思主义--ma ke si zhu yi--研究 | |
| 电子资源: | ||
| ISBN: | 978-7-300-23405-2 | |
| 000 | 01552nam0 22003131 450 | |
| 001 | 1760858407 | |
| 005 | 20170619171920.0 | |
| 010 | @a978-7-300-23405-2@b精装@dCNY86.00 | |
| 100 | @a20161111d2016 em y0chiy50 ea | |
| 101 | 1 | @achi@ceng |
| 102 | @aCN@b110000 | |
| 105 | @ay z 001yy | |
| 106 | @ar | |
| 200 | 1 | @a马克思与黑格尔的对话@9ma ke si yu hei ge er de dui hua@dMarx's discourse with Hegel@f(美)诺曼·莱文(Norman Levine)著@g周阳[等]译@zeng |
| 210 | @a北京@c中国人民大学出版社@d2016 | |
| 215 | @a401页@d23cm | |
| 225 | 2 | @a马克思主义研究译丛@9ma ke si zhu yi yan jiu yi cong@e典藏版@f杨金海主编 |
| 300 | @a“十三五”国家重点出版物出版规划项目 | |
| 330 | @a本书在充分掌握黑格尔研究、马克思研究方面的最新文献材料的基础上,详细考察了1836-1844年期间马克思对黑格尔的解读,深入分析马克思与黑格尔的学术思想中继承与批判的关系。作者指出尽管马克思对黑格尔的认识存在着许多空白点,对黑格尔思想的很多方面(譬如政治哲学)进行了错误的诠释,但马克思依然从黑格尔那里受益良多,最重要的是继承了他的方法论工具。黑格尔所使用的许多解释性范畴,如整体与部分、普遍与特殊等,都被马克思所接受并用于阐释资本主义的运作。 | |
| 461 | 0 | @12001 @a马克思主义研究译丛 |
| 510 | 1 | @aMarx's discourse with Hegel@zeng |
| 600 | 0 | @a黑格尔@9hei ge er@c(Hegel, Georg Wehelm@f1770-1831)@x哲学思想@x研究 |
| 606 | 0 | @a马克思主义@9ma ke si zhu yi@x研究 |
| 690 | @aA81@v5 | |
| 690 | @aB516.35@v5 | |
| 701 | 0 | @c(美)@a莱文@9lai wen@c(Levine, Norman)@4著 |
| 702 | 0 | @a周阳@9zhou yang@c(人文)@4译 |
| 801 | 0 | @aCN@b百万庄@c20170617 |
| 905 | @b1013502-4@dA81@e271@f3 | |
| 马克思与黑格尔的对话=Marx's discourse with Hegel/(美)诺曼·莱文(Norman Levine)著/周阳[等]译.-北京:中国人民大学出版社,2016 |
| 401页;23cm.-(马克思主义研究译丛:典藏版/杨金海主编) |
| “十三五”国家重点出版物出版规划项目 |
| ISBN 978-7-300-23405-2(精装):CNY86.00 |
| 本书在充分掌握黑格尔研究、马克思研究方面的最新文献材料的基础上,详细考察了1836-1844年期间马克思对黑格尔的解读,深入分析马克思与黑格尔的学术思想中继承与批判的关系。作者指出尽管马克思对黑格尔的认识存在着许多空白点,对黑格尔思想的很多方面(譬如政治哲学)进行了错误的诠释,但马克思依然从黑格尔那里受益良多,最重要的是继承了他的方法论工具。黑格尔所使用的许多解释性范畴,如整体与部分、普遍与特殊等,都被马克思所接受并用于阐释资本主义的运作。 |
| ● |
| 相关链接 |
|
|
|
|
正题名:马克思与黑格尔的对话
索取号:A81/271
 
预约/预借
| 序号 | 登录号 | 条形码 | 馆藏地/架位号 | 状态 | 备注 |
| 1 | 1013502 | 210135021 | 第一样本阅览室/ [索取号:A81/271] | 在馆 | |
| 2 | 1013503 | 210135030 | 第一借阅区/ [索取号:A81/271] | 在馆 | |
| 3 | 1013504 | 210135049 | 教育系资料室/ [索取号:A81/271] | 在馆 |